| 000 | 00538cam a2200217ua 4500 | ||
|---|---|---|---|
| 020 | _c2.50 | ||
| 041 |
_amal _h |
||
| 082 |
_a575.1 _bPRA/GE |
||
| 100 | _aPrabhakaran, P.V. | ||
| 245 |
_aGeenukalum paramparyavum / _cPrabhakaran. _hTextual Documents |
||
| 260 |
_aThiruvananthapuram : _bState Instititute of Languages , _c1974. |
||
| 300 | _a93 ; . | ||
| 365 | _a2.50 | ||
| 504 | _a | ||
| 942 | _cBK | ||
| 999 |
_c6185 _d6185 |
||